000 01510pab a2200181 454500
008 180718b2017 xxu||||| |||| 00| 0 eng d
100 _aShashi Bhushan Kumar
245 _aDiscretionary powers of the governor: constitutional vision and observed realities
260 _c2017
300 _ap.402-417.
362 _aSep
520 _aRight from the adoption of the Indian Constitution a hot debate is going on regarding discretionary power of governors. The Office of the Governor, not being an elected constitutional functionary, has been in the eye of a storm. Our Constitution makers wanted a governor who would act as a friend and sagacious advisor of the Council of Ministers. He should be a person who is expected to be above party and politics. But very soon these pious hopes were shattered. Arguments and counter-arguments started generating more heat but less light after 1967 because most of the state legislatures were captured by the non-Congress parties. The governors came to be seen or suspected as the agents of the union government. The present article is a brief narration of governorメs discretionary powers as our founding fathers hoped and how governors have actually behaved with such powers just to please the leadership of the party in power at the centre contrary to the vision of the makers. - Reproduce
650 _aDiscretionary power - India
650 _aGovernors - India
650 _aGovernors
773 _aIndian Journal of Public Administration
909 _a116205
999 _c116199
_d116199